Dictionnaire historique, critique, chronologique geographique et literal de la Bible (Record no. 152942)

MARC details
000 -LEADER
campo de control de longitud fija 01309nam a2200265 i 4500
001 - NÚMERO DE CONTROL
campo de control 152942
003 - IDENTIFICADOR DE NÚMERO DE CONTROL
campo de control ES-MaACL
005 - FECHA Y HORA DE LA ÚLTIMA TRANSACCIÓN
campo de control 20251005063120.0
008 - DATOS DE LONGITUD FIJA--INFORMACIÓN GENERAL
campo de control de longitud fija 931025s1730 fr ax |||| | fre d
040 ## - FUENTE DE CATALOGACIÓN
Centro catalogador/agencia de origen CAM
Lengua de catalogación spa
Centro/agencia transcriptor PAB
100 1# - ENTRADA PRINCIPAL--NOMBRE DE PERSONA
Nombre de persona Calmet, Augustin,
Fechas asociadas al nombre 1672-1757
9 (RLIN) 33764
245 10 - MENCIÓN DEL TÍTULO
Título Dictionnaire historique, critique, chronologique geographique et literal de la Bible
Resto del título : eurichi de plus de trois cent figures en taille-douce, qui representent les antiquitez Judaiques ... /
Mención de responsabilidad, etc. par ... Augustin Calmet ... ; tome second.
250 ## - MENCION DE EDICION
Mención de edición Nouvelle edition revre, corrigée, et augmentée.
260 ## - PUBLICACIÓN, DISTRIBUCIÓN, ETC.
Lugar de publicación, distribución, etc. A Paris :
Nombre del editor, distribuidor, etc. chez Enmery, 'a faint Benoist, Saugrain, Pere, a la fleur de Lys, Pierre Martin, 'a L'Ecu de France,
Fecha de publicación, distribución, etc. 1730.
300 ## - DESCRIPCIÓN FÍSICA
Extensión [4], 746 p., [51] h. de grab. ;
Dimensiones fol.
595 ## -
-- Datos de ed. preceden a la mención de responsabilidad.
597 ## - NOTA DE DESCRIPCIÓN FÍSICA
NOTA DE DESCRIPCIÓN FÍSICA Sign.: [ ]2, A-Z2, A2-Z2\p2\s, A\b3\s-Z\b3\s\p2\s, A\b4\s-Z\b4\s\p2\s, A\b5\s-Z\b5\s\p2\s, A\b6\s-Z\b6\s\p2\s, A\b7\s-Z\b7\s\p2\s, A\b8\s-Z\b8\s\p2\s, A\b9\s-C\b9\s\p2\s.
597 ## - NOTA DE DESCRIPCIÓN FÍSICA
NOTA DE DESCRIPCIÓN FÍSICA Texto a dos col.
597 ## - NOTA DE DESCRIPCIÓN FÍSICA
NOTA DE DESCRIPCIÓN FÍSICA Antep.
597 ## - NOTA DE DESCRIPCIÓN FÍSICA
NOTA DE DESCRIPCIÓN FÍSICA Port. a dos tintas.
599 ## - NOTA A LAS ILUSTRACIONES
NOTA A LAS ILUSTRACIONES Las h. de grab. calc.
630 #0 - PUNTO DE ACCESO ADICIONAL DE MATERIA--TÍTULO UNIFORME
Título uniforme Biblia-
Subdivisión de forma Diccionarios.
9 (RLIN) 119241
852 ## - LOCALIZACIÓN
Nota libre
Ubicación BA
Número de control de estantería R-76-79
Encuadernación Olim: C-2469-72
Holdings
Estatus retirado Estado de pérdida Estado de daño No para préstamo Colección Biblioteca de origen Biblioteca actual Ubicación en estantería Fecha de adquisición Fuente de adquisición Total de préstamos Signatura topográfica completa Código de barras Visto por última vez Precio de reemplazo Tipo de ítem Koha
        Libros del s. XVIII Biblioteca del Ateneo de Madrid Biblioteca del Ateneo de Madrid Depósito 17/01/2008     R-77 1159753 23/02/2023 23/02/2023 Libro impreso antiguo